[Event "XI GRAN TORNEO INTERNACIONAL AFICIONADOS"]
[Site "Benidorm (Alicante - SPAIN)"]
[Date "2012.11.30"]
[Round "1"]
[White "Parligras, Cosmin"]
[Black "Shen, Yue"]
[Result "1-0"]
[WhiteElo "2298"]
[BlackElo "2137"]
[PlyCount "73"]
[EventDate "2012.11.30"]
[EventRounds "10"]
[EventCountry "ESP"]

1. c4 Nf6 2. Nf3 e6 3. Nc3 d5 4. d4 Be7 5. e3 c6 6. Bd3 O-O 7. O-O dxc4 8. Bxc4
b5 9. Bd3 Nbd7 10. e4 Bb7 11. a3 a6 12. e5 Nd5 13. Nxd5 cxd5 14. Bb1 Re8 15.
Qd3 Nf8 16. Bd2 a5 17. Rc1 Ba6 18. b4 Qd7 19. Ng5 h6 20. Nh3 Rec8 21. Rd1 Rc6
22. Qg3 Kh8 23. Nf4 f5 24. exf6 Bxf6 25. Ng6+ Kg8 26. Bxh6 Bb7 27. Bg5 Qf7 28.
Bxf6 Qxf6 29. Ne5 Rca6 30. bxa5 Rxa5 31. Qb3 Qe7 32. Rd3 b4 33. a4 Qc7 34. Bc2
Ba6 35. Rh3 Bb5 36. Qf3 Be8 37. Rh8+ 1-0

[Event "XI GRAN TORNEO INTERNACIONAL AFICIONADOS"]
[Site "Benidorm (Alicante - SPAIN)"]
[Date "2012.11.30"]
[Round "1"]
[White "Tejero Royo, Fermin"]
[Black "Bonte, Andrei-Mihai"]
[Result "1/2-1/2"]
[WhiteElo "2133"]
[BlackElo "2297"]
[PlyCount "123"]
[EventDate "2012.11.30"]
[EventRounds "10"]
[EventCountry "ESP"]

1. c4 Nf6 2. Nf3 e6 3. g3 d5 4. Bg2 Be7 5. O-O O-O 6. d4 dxc4 7. Qa4 a6 8. Qxc4
b5 9. Qc2 Bb7 10. a4 b4 11. Nbd2 Nbd7 12. b3 c5 13. Bb2 Rc8 14. Nc4 Be4 15. Qd2
Bd5 16. Nfe5 cxd4 17. Nxd7 Nxd7 18. Bxd5 exd5 19. Qxd4 Nf6 20. Ne3 Bc5 21. Qd3
d4 22. Nf5 Qd7 23. Nxd4 Rfd8 24. Rfd1 Qh3 25. Qf3 Ng4 26. Qg2 Qh5 27. e3 Ne5
28. Qe4 Bxd4 29. Bxd4 Nf3+ 30. Kg2 Nxd4 31. Rxd4 Rxd4 32. Qxd4 Qc5 33. Rd1 g6
34. h4 a5 35. Qe4 h5 36. Rd5 Qc3 37. Rd3 Qc5 38. Kf3 Qc7 39. Qd5 Kg7 40. e4 Qc5
41. Qxc5 Rxc5 42. Rd5 Rc3+ 43. Kf4 Rxb3 44. Rxa5 Ra3 45. Ra6 b3 46. Rb6 Rxa4
47. Rxb3 Ra2 48. f3 Rg2 49. e5 Rg1 50. Rb7 Kg8 51. g4 hxg4 52. fxg4 Re1 53. h5
gxh5 54. gxh5 Kg7 55. Rb3 Kh6 56. Rf3 Rh1 57. Kf5 Kxh5 58. Kf6 Kg4 59. Rf2 Re1
60. Rg2+ Kf4 61. Rf2+ Kg4 62. Rg2+ 1/2-1/2

[Event "XI GRAN TORNEO INTERNACIONAL AFICIONADOS"]
[Site "Benidorm (Alicante - SPAIN)"]
[Date "2012.11.30"]
[Round "1"]
[White "Tejedor Fuentes, Enrique"]
[Black "Carrasco Sagredo, Manuel"]
[Result "1-0"]
[WhiteElo "2297"]
[BlackElo "2133"]
[PlyCount "93"]
[EventDate "2012.11.30"]
[EventRounds "10"]
[EventCountry "ESP"]

1. e4 c5 2. Nf3 e6 3. d4 cxd4 4. Nxd4 Nf6 5. Nc3 d6 6. Be3 a6 7. Bd3 Be7 8. O-O
e5 9. Nb3 Be6 10. Kh1 Nbd7 11. f4 Qc7 12. Qf3 O-O 13. f5 Bc4 14. g4 d5 15. g5
dxe4 16. Nxe4 Nxe4 17. Bxe4 f6 18. g6 Rfd8 19. Rg1 Nf8 20. gxh7+ Nxh7 21. h4
Bb5 22. Rg2 Rd7 23. Rag1 Bf8 24. h5 Bc6 25. Nd2 Rad8 26. h6 Ng5 27. Bxg5 fxg5
28. Bxc6 Qxc6 29. Ne4 Rd4 30. Nxg5 Rh4+ 31. Rh2 Rxh2+ 32. Kxh2 Qxh6+ 33. Nh3
Rd2+ 34. Rg2 e4 35. Qxe4 Bd6+ 36. Kg1 Rd1+ 37. Kf2 Qxh3 38. Qe6+ Kf8 39. Qc8+
Kf7 40. Rxg7+ Kf6 41. Rg6+ Ke5 42. Qe6+ Kf4 43. Qc4+ Ke5 44. Re6+ Kxf5 45. Qe4+
Kg5 46. Qg6+ Kf4 47. Re4# 1-0

[Event "XI GRAN TORNEO INTERNACIONAL AFICIONADOS"]
[Site "Benidorm (Alicante - SPAIN)"]
[Date "2012.11.30"]
[Round "1"]
[White "Sanchez Barbado, Carlos"]
[Black "De La Cruz Sanchez, Carlos G"]
[Result "1/2-1/2"]
[WhiteElo "2132"]
[BlackElo "2288"]
[PlyCount "46"]
[EventDate "2012.11.30"]
[EventRounds "10"]
[EventCountry "ESP"]

1. e4 e6 2. d4 d5 3. Nd2 c5 4. Ngf3 Nc6 5. c3 cxd4 6. cxd4 dxe4 7. Nxe4 Bb4+ 8.
Bd2 Nf6 9. Nxf6+ Qxf6 10. Bxb4 Nxb4 11. Bb5+ Nc6 12. O-O O-O 13. Bxc6 bxc6 14.
Rc1 Rb8 15. b3 Rd8 16. Qe2 Rb6 17. Rfd1 h6 18. Qe5 Qe7 19. Qc5 Qc7 20. Qe5 Qe7
21. Qc5 Qc7 22. Qe5 Qe7 23. Qc5 Bb7 1/2-1/2

[Event "XI GRAN TORNEO INTERNACIONAL AFICIONADOS"]
[Site "Benidorm (Alicante - SPAIN)"]
[Date "2012.11.30"]
[Round "1"]
[White "Lloret Ramis, Juan Jose"]
[Black "Varga, Mariano"]
[Result "1-0"]
[WhiteElo "2285"]
[BlackElo "2126"]
[PlyCount "47"]
[EventDate "2012.11.30"]
[EventRounds "10"]
[EventCountry "ESP"]

1. d4 Nf6 2. c4 e6 3. Nf3 b6 4. Bf4 Bb4+ 5. Nbd2 Bb7 6. e3 Ne4 7. Bd3 f5 8. O-O
O-O 9. a3 Be7 10. d5 exd5 11. cxd5 Nc5 12. Bc4 d6 13. b4 Ne4 14. Nd4 Bc8 15.
Nxe4 fxe4 16. Qc2 Bf5 17. Nxf5 Rxf5 18. Qxe4 Qf8 19. Rac1 a5 20. b5 Bd8 21. Bd3
g6 22. Be2 Nd7 23. Bg4 Nf6 24. Qe6+ 1-0

[Event "XI GRAN TORNEO INTERNACIONAL AFICIONADOS"]
[Site "Benidorm (Alicante - SPAIN)"]
[Date "2012.11.30"]
[Round "1"]
[White "Cruz Lledo, Pablo"]
[Black "Amos, Frank"]
[Result "1-0"]
[WhiteElo "2281"]
[BlackElo "2116"]
[PlyCount "113"]
[EventDate "2012.11.30"]
[EventRounds "10"]
[EventCountry "ESP"]

1. d4 g6 2. e4 Bg7 3. Be3 d6 4. Ne2 e5 5. Nbc3 exd4 6. Nxd4 Nf6 7. Be2 Nc6 8.
h4 Nxd4 9. Bxd4 h5 10. f3 Be6 11. Qd2 Bh6 12. Be3 Bxe3 13. Qxe3 Qe7 14. O-O-O
Nd7 15. Qd4 Rf8 16. f4 Nb6 17. a4 a5 18. f5 Bd7 19. fxg6 fxg6 20. Nd5 Nxd5 21.
exd5 Qe5 22. Bd3 O-O-O 23. Qxe5 dxe5 24. Bxg6 Rf2 25. Bxh5 Rxg2 26. Rhe1 Bg4
27. Rd2 Rg3 28. Rd3 Rg2 29. Rxe5 Bxh5 30. Rxh5 Rf8 31. b3 Rf7 32. d6 cxd6 33.
Rxa5 Rh2 34. h5 Kc7 35. Rg5 Rf6 36. Kb2 Rh6 37. Rg7+ Kc6 38. Rc3+ Kb6 39. Rcc7
R6xh5 40. Rxb7+ Ka6 41. Ra7+ Kb6 42. Rgb7+ Kc6 43. b4 R5h4 44. Kb3 R4h3+ 45.
Kb2 d5 46. Rc7+ Kd6 47. Rc3 Rh4 48. b5 Rb4+ 49. Rb3 Rc4 50. Ra6+ Ke5 51. Rc3
Rb4+ 52. Ka3 Rb1 53. b6 Kd4 54. Rb3 Ra1+ 55. Kb4 Rxc2 56. b7 Rc4+ 57. Kb5 1-0

[Event "XI GRAN TORNEO INTERNACIONAL AFICIONADOS"]
[Site "Benidorm (Alicante - SPAIN)"]
[Date "2012.11.30"]
[Round "1"]
[White "Vilanova Corbi, Jorge"]
[Black "Voiteanu, Gabriel"]
[Result "1/2-1/2"]
[WhiteElo "2115"]
[BlackElo "2281"]
[PlyCount "111"]
[EventDate "2012.11.30"]
[EventRounds "10"]
[EventCountry "ESP"]

1. d4 Nf6 2. c4 g6 3. f3 d5 4. cxd5 Nxd5 5. e4 Nb6 6. Nc3 e5 7. Be3 Bg7 8. d5
c6 9. Qd2 O-O 10. h4 f5 11. O-O-O f4 12. Bc5 Re8 13. dxc6 Qxd2+ 14. Rxd2 Nxc6
15. Bxb6 axb6 16. Bc4+ Be6 17. Bxe6+ Rxe6 18. Nge2 Nd4 19. Kb1 Rd6 20. h5 g5
21. Nxd4 exd4 22. Nd5 Kf7 23. Rc1 Rad8 24. Rc7+ R8d7 25. Rxd7+ Rxd7 26. Nxb6
Rd6 27. Nc4 Rh6 28. e5 Rxh5 29. Rxd4 b5 30. Nd6+ Ke6 31. Nxb5 Bxe5 32. Rd2 Rh2
33. Kc2 h5 34. a4 g4 35. a5 g3 36. a6 Bb8 37. Nd4+ Kd5 38. Ne2+ Kc6 39. Ng1 Kb6
40. Kd3 Kxa6 41. Nh3 Rh1 42. Re2 Kb5 43. Ke4 Rc1 44. b3 Kb4 45. Nxf4 Rh1 46.
Kf5 Kxb3 47. Nh3 Ba7 48. Kf4 Rxh3 49. gxh3 Bf2 50. Re8 g2 51. Rg8 g1=Q 52. Rxg1
Bxg1 53. Kg5 Kc4 54. Kxh5 Kd5 55. Kg5 Ke6 56. Kg6 1/2-1/2

[Event "XI GRAN TORNEO INTERNACIONAL AFICIONADOS"]
[Site "Benidorm (Alicante - SPAIN)"]
[Date "2012.11.30"]
[Round "1"]
[White "Ibarra Jerez, Juan Miguel"]
[Black "Schmidt, Jade"]
[Result "1-0"]
[WhiteElo "2278"]
[BlackElo "2114"]
[PlyCount "129"]
[EventDate "2012.11.30"]
[EventRounds "10"]
[EventCountry "ESP"]

1. e4 c5 2. Nf3 d6 3. d4 cxd4 4. Nxd4 Nf6 5. f3 e5 6. Nb3 d5 7. Bg5 Be6 8. Nc3
d4 9. Bb5+ Nc6 10. Ne2 Qb6 11. Bd3 Be7 12. O-O O-O 13. Ng3 Rfe8 14. Bd2 a5 15.
a4 Rac8 16. Kh1 Bb4 17. Bg5 Be7 18. Bb5 Red8 19. Bd2 Nb4 20. Bxb4 Bxb4 21. Qd3
Qc7 22. Rac1 g6 23. Ne2 Nd7 24. h3 Nb6 25. f4 Bc4 26. Bxc4 Nxc4 27. fxe5 Ne3
28. Rf3 Qxe5 29. c3 Bd6 30. Nf4 dxc3 31. Qxe3 cxb2 32. Rcf1 g5 33. g3 gxf4 34.
gxf4 Bc5 35. fxe5 Bxe3 36. Rxe3 Rc1 37. Rg3+ Kf8 38. Rxc1 bxc1=Q+ 39. Nxc1 Rd1+
40. Rg1 Rd4 41. Nb3 Rxa4 42. Ra1 Rxa1+ 43. Nxa1 b5 44. Kg2 b4 45. Kf3 a4 46.
Nc2 b3 47. Na3 Ke7 48. Ke3 Ke6 49. Kd4 h6 50. Nb1 h5 51. h4 b2 52. Na3 f6 53.
exf6 Kxf6 54. e5+ Ke6 55. Ke4 Ke7 56. Kd5 Kd7 57. e6+ Ke7 58. Ke5 Ke8 59. Kd6
Kd8 60. e7+ Ke8 61. Ke6 b1=Q 62. Nxb1 a3 63. Nc3 a2 64. Nb5 a1=Q 65. Nd6# 1-0

[Event "XI GRAN TORNEO INTERNACIONAL AFICIONADOS"]
[Site "Benidorm (Alicante - SPAIN)"]
[Date "2012.11.30"]
[Round "1"]
[White "Uran Bermudez, Oliver Kevin"]
[Black "Pavon Cardenas, Jesus M"]
[Result "0-1"]
[WhiteElo "2111"]
[BlackElo "2274"]
[PlyCount "128"]
[EventDate "2012.11.30"]
[EventRounds "10"]
[EventCountry "ESP"]

1. e4 e5 2. Nf3 Nc6 3. Bb5 a6 4. Ba4 Nf6 5. O-O d6 6. Re1 b5 7. Bb3 Be7 8. c3
O-O 9. h3 Nb8 10. d3 Nbd7 11. Nbd2 c5 12. Nf1 Qc7 13. Ne3 Nb6 14. Bc2 Re8 15.
g4 g6 16. Nf1 Bb7 17. Ng3 Bf8 18. g5 Nfd7 19. Nh2 Rad8 20. Qg4 Bg7 21. Qh4 Re6
22. Ng4 Rf8 23. Nf5 gxf5 24. exf5 Qc6 25. Re4 d5 26. Nf6+ Nxf6 27. fxe6 Nxe4
28. dxe4 d4 29. e7 Re8 30. f4 exf4 31. Bxf4 Rxe7 32. g6 Qxg6+ 33. Kh2 Qf6 34.
Bg5 Qe5+ 35. Bf4 Qxf4+ 36. Qxf4 Be5 37. Kg3 Bxf4+ 38. Kxf4 dxc3 39. bxc3 f6 40.
h4 Nc4 41. a4 Nd6 42. axb5 axb5 43. Re1 Bxe4 44. Bxe4 Rxe4+ 45. Rxe4 Nxe4 46.
Kxe4 b4 47. cxb4 cxb4 48. Kd4 f5 49. Kc4 f4 50. Kxb4 f3 51. h5 f2 52. h6 f1=Q
53. Kc5 Qd3 54. Kc6 Qd4 55. Kc7 Qd5 56. Kc8 Qd6 57. Kb7 Qc5 58. Kb8 Qc6 59. Ka7
Kf7 60. Kb8 Qd7 61. Ka8 Ke6 62. Kb8 Kd6 63. Ka8 Kc6 64. Kb8 Qb7# 0-1

[Event "XI GRAN TORNEO INTERNACIONAL AFICIONADOS"]
[Site "Benidorm (Alicante - SPAIN)"]
[Date "2012.11.30"]
[Round "1"]
[White "Ustianovich, Nazar"]
[Black "Gonzalez Aguirre, Luis"]
[Result "1-0"]
[WhiteElo "2264"]
[BlackElo "2110"]
[PlyCount "139"]
[EventDate "2012.11.30"]
[EventRounds "10"]
[EventCountry "ESP"]

1. Nf3 Nf6 2. d4 d5 3. c4 dxc4 4. e3 e6 5. Bxc4 c5 6. O-O Nc6 7. Qe2 cxd4 8.
Rd1 Be7 9. exd4 O-O 10. Nc3 Na5 11. Bd3 b6 12. Ne4 Bb7 13. Neg5 Qd5 14. Qf1 h6
15. Nh3 Rac8 16. Ne5 Nc6 17. Bc4 Qd8 18. Nf4 Nd5 19. Nxd5 exd5 20. Nxc6 Rxc6
21. Bb5 Rf6 22. Be3 Bc6 23. Rac1 Qd7 24. Bd3 Bd6 25. g3 Bb8 26. Qe2 Qh3 27. Qd2
Bd7 28. Bf1 Qh5 29. Rc3 Bg4 30. Rdc1 Bd6 31. a3 Bf3 32. Bg2 Bxg2 33. Kxg2 Qf3+
34. Kg1 Qg4 35. Qd1 Qf5 36. Qc2 Qh3 37. Rc8 g6 38. Rxf8+ Bxf8 39. Qc8 Qxc8 40.
Rxc8 Kg7 41. Bxh6+ Kxh6 42. Rxf8 Kg7 43. Rd8 Rc6 44. Rxd5 Rc2 45. Rb5 Kf6 46.
Kg2 Ke6 47. Kf3 Kd6 48. Ke3 Kc6 49. Rb3 Kd5 50. Rb5+ Kc4 51. Rb4+ Kd5 52. h4
Rc1 53. Kf4 Rc2 54. f3 Re2 55. g4 Rh2 56. Kg5 Rh3 57. Rb3 Ke6 58. Re3+ Kd5 59.
Kf6 Kxd4 60. Rb3 Rxh4 61. Kxf7 Kc4 62. Rc3+ Kd4 63. Kxg6 Rh2 64. Rb3 Kc4 65.
Rb4+ Kc5 66. f4 a5 67. Rb3 b5 68. f5 Kc4 69. Rf3 Rxb2 70. f6 1-0

[Event "XI GRAN TORNEO INTERNACIONAL AFICIONADOS"]
[Site "Benidorm (Alicante - SPAIN)"]
[Date "2012.11.30"]
[Round "1"]
[White "Dolzhikova, Olga"]
[Black "Rodriguez Perez, Jorge"]
[Result "1-0"]
[WhiteElo "2261"]
[BlackElo "2104"]
[PlyCount "43"]
[EventDate "2012.11.30"]
[EventRounds "10"]
[EventCountry "ESP"]

1. e4 c5 2. c3 Nf6 3. e5 Nd5 4. d4 cxd4 5. Nf3 Nc6 6. cxd4 d6 7. Bc4 Be6 8. Ng5
dxe5 9. Nxe6 fxe6 10. dxe5 Qc7 11. O-O O-O-O 12. Qg4 Qxe5 13. Bxd5 Rxd5 14. Nc3
Rd4 15. Qf3 Qf5 16. Qe2 g6 17. Be3 Rh4 18. g3 Rh3 19. Rac1 Kb8 20. Nb5 Bg7 21.
Rc5 Qe4 22. Bf4+ 1-0

[Event "XI GRAN TORNEO INTERNACIONAL AFICIONADOS"]
[Site "Benidorm (Alicante - SPAIN)"]
[Date "2012.11.30"]
[Round "1"]
[White "Bajo Gutierrez, Ignacio"]
[Black "Lopez Colon, Francisco"]
[Result "1-0"]
[WhiteElo "2252"]
[BlackElo "2093"]
[PlyCount "55"]
[EventDate "2012.11.30"]
[EventRounds "10"]
[EventCountry "ESP"]

1. d4 d5 2. Nf3 Nf6 3. c4 e6 4. Nc3 Be7 5. Bg5 O-O 6. e3 Nbd7 7. Rc1 c6 8. Bd3
dxc4 9. Bxc4 b5 10. Bd3 Bb7 11. O-O a6 12. e4 c5 13. e5 Nd5 14. Bxe7 Nxe7 15.
Bxh7+ Kxh7 16. Ng5+ Kh6 17. Qg4 Nf5 18. f4 Nf6 19. exf6 Qxd4+ 20. Kh1 Ne3 21.
Qh4+ Kg6 22. Nf3 Qxf6 23. Ne5+ Qxe5 24. fxe5 Bxg2+ 25. Kg1 Bxf1 26. Qg3+ Kh7
27. Qxe3 Bc4 28. b3 1-0

[Event "XI GRAN TORNEO INTERNACIONAL AFICIONADOS"]
[Site "Benidorm (Alicante - SPAIN)"]
[Date "2012.11.30"]
[Round "1"]
[White "Lopez Del Alamo, Antonio"]
[Black "Megias Ortiz, Vicente Manuel"]
[Result "1-0"]
[WhiteElo "2241"]
[BlackElo "2081"]
[PlyCount "44"]
[EventDate "2012.11.30"]
[EventRounds "10"]
[EventCountry "ESP"]

1. e4 c6 2. d4 d5 3. exd5 cxd5 4. c4 dxc4 5. Bxc4 Nf6 6. Nf3 e6 7. O-O Be7 8.
Nc3 O-O 9. Re1 Re8 10. a3 Nbd7 11. Bb3 Nf8 12. Bg5 h6 13. Be3 a6 14. Qd3 b5 15.
Rad1 Bb7 16. Bc1 b4 17. axb4 Bxb4 18. Ne5 Qc7 19. Qg3 Kh7 20. Bc2+ g6 21. Nxg6
Qxg3 22. Nxf8+ Kg7 1-0

[Event "XI GRAN TORNEO INTERNACIONAL AFICIONADOS"]
[Site "Benidorm (Alicante - SPAIN)"]
[Date "2012.11.30"]
[Round "1"]
[White "Spitzer Isbert, Ramon"]
[Black "Suarez Uriel, Adrian"]
[Result "1/2-1/2"]
[WhiteElo "2075"]
[BlackElo "2241"]
[PlyCount "42"]
[EventDate "2012.11.30"]
[EventRounds "10"]
[EventCountry "ESP"]

1. e4 c5 2. Nc3 g6 3. Nf3 Bg7 4. d4 cxd4 5. Nxd4 Nc6 6. Nb3 Nf6 7. Be2 O-O 8.
O-O d6 9. Re1 Be6 10. Bg5 Rc8 11. Bf1 a6 12. Nd5 Nd7 13. c3 Re8 14. Nf4 Bxb3
15. Qxb3 h6 16. Bh4 g5 17. Ne6 fxe6 18. Qxe6+ Kh8 19. Bxg5 hxg5 20. Qh3+ Kg8
21. Qe6+ Kh8 1/2-1/2

[Event "XI GRAN TORNEO INTERNACIONAL AFICIONADOS"]
[Site "Benidorm (Alicante - SPAIN)"]
[Date "2012.11.30"]
[Round "1"]
[White "Donado-Mazarron Gomez, Miguel"]
[Black "Jimenez Martinez, Jose Vicente"]
[Result "0-1"]
[WhiteElo "2072"]
[BlackElo "2233"]
[PlyCount "72"]
[EventDate "2012.11.30"]
[EventRounds "10"]
[EventCountry "ESP"]

1. e4 d6 2. d4 g6 3. Nc3 Bg7 4. Nge2 a6 5. a4 b6 6. g3 Bb7 7. Bg2 c5 8. Be3 Nc6
9. O-O Nf6 10. h3 O-O 11. f4 Rb8 12. Qd2 Nb4 13. a5 cxd4 14. Nxd4 bxa5 15. Nb3
Nc6 16. Nd5 Nd7 17. c4 Ba8 18. Nd4 Nxd4 19. Bxd4 Bxd4+ 20. Qxd4 Bxd5 21. Qxd5
Rxb2 22. Qxa5 Qxa5 23. Rxa5 Rc8 24. Rxa6 Rxc4 25. Ra7 Rcc2 26. Bf3 Nf6 27. Rd1
Rc3 28. Rf1 e6 29. e5 dxe5 30. fxe5 Nh5 31. Rf2 Rxf2 32. Kxf2 Rc2+ 33. Ke3 Nxg3
34. Kf4 Nf5 35. Kg5 Kg7 36. Rb7 Rc4 0-1

[Event "XI GRAN TORNEO INTERNACIONAL AFICIONADOS"]
[Site "Benidorm (Alicante - SPAIN)"]
[Date "2012.11.30"]
[Round "1"]
[White "Pena Riasco, Alexander"]
[Black "Isherwood, Paul"]
[Result "1-0"]
[WhiteElo "2176"]
[BlackElo "2019"]
[PlyCount "33"]
[EventDate "2012.11.30"]
[EventRounds "10"]
[EventCountry "ESP"]

1. e4 d6 2. d4 Nf6 3. Nc3 e5 4. Nge2 c6 5. f3 Nbd7 6. Be3 b5 7. a3 a6 8. Qd2 h5
9. Nc1 Qc7 10. Nb3 Be7 11. Qf2 h4 12. Be2 g6 13. O-O-O Rb8 14. f4 exd4 15. Bxd4
Nc5 16. Nxc5 dxc5 17. Be5 1-0

[Event "XI GRAN TORNEO INTERNACIONAL AFICIONADOS"]
[Site "Benidorm (Alicante - SPAIN)"]
[Date "2012.11.30"]
[Round "1"]
[White "Murcia Paredes, Angel"]
[Black "Plaza Agudo, Juan Francisco"]
[Result "1-0"]
[WhiteElo "2163"]
[BlackElo "2003"]
[PlyCount "77"]
[EventDate "2012.11.30"]
[EventRounds "10"]
[EventCountry "ESP"]

1. e4 b6 2. d4 Bb7 3. Bd3 Nf6 4. Nc3 e6 5. Nge2 d5 6. e5 Nfd7 7. Nb1 Ba6 8. O-O
c5 9. c3 Bxd3 10. Qxd3 Be7 11. f4 g6 12. Nd2 Qc8 13. Nf3 Qa6 14. Qe3 Nc6 15.
Bd2 b5 16. Kh1 Rb8 17. Ng5 b4 18. Nf3 cxd4 19. cxd4 Nb6 20. b3 Qb5 21. Rfc1 a5
22. Rc2 O-O 23. f5 exf5 24. Qh6 f6 25. Nf4 Rf7 26. Rac1 Bf8 27. Qh3 Rc8 28.
exf6 Rxf6 29. Be3 Nd7 30. Ne5 Ndxe5 31. dxe5 Rf7 32. Ne6 Qb7 33. Qg3 Na7 34.
Rxc8 Nxc8 35. Nd8 Qa6 36. Nxf7 Kxf7 37. Qh4 Kg8 38. Qd8 Ne7 39. Bh6 1-0

[Event "XI GRAN TORNEO INTERNACIONAL AFICIONADOS"]
[Site "Benidorm (Alicante - SPAIN)"]
[Date "2012.11.30"]
[Round "1"]
[White "Martinez Tormo, Jorge"]
[Black "Cucarella Montell, Angels"]
[Result "1-0"]
[WhiteElo "2155"]
[BlackElo "1987"]
[PlyCount "53"]
[EventDate "2012.11.30"]
[EventRounds "10"]
[EventCountry "ESP"]

1. e4 c5 2. Nc3 e6 3. f4 a6 4. Nf3 b5 5. d4 cxd4 6. Nxd4 Bb7 7. Qf3 Nf6 8. Bd3
Be7 9. Be3 O-O 10. O-O d6 11. g4 Re8 12. g5 Nfd7 13. Qg3 b4 14. Nd1 Nc5 15. Nf2
d5 16. e5 Nxd3 17. Nxd3 g6 18. h4 Nc6 19. Rf2 h5 20. gxh6 Bxh4 21. Qh3 Bxf2+
22. Bxf2 Kh7 23. Nf3 Rh8 24. Bh4 Qf8 25. Bf6 Qxh6 26. Qxh6+ Kxh6 27. Kf2 1-0

[Event "XI GRAN TORNEO INTERNACIONAL AFICIONADOS"]
[Site "Benidorm (Alicante - SPAIN)"]
[Date "2012.11.30"]
[Round "1"]
[White "Tocco, Paolo"]
[Black "Sevillano Garcia, Joaquin"]
[Result "1-0"]
[WhiteElo "2152"]
[BlackElo "1960"]
[PlyCount "37"]
[EventDate "2012.11.30"]
[EventRounds "10"]
[EventCountry "ESP"]

1. f4 d5 2. e3 g6 3. Nf3 Bg7 4. Be2 Bg4 5. O-O Nd7 6. Nc3 c6 7. Qe1 Nh6 8. d3
Qb6 9. Kh1 O-O-O 10. e4 Bxf3 11. Bxf3 d4 12. Ne2 e5 13. Qh4 f6 14. fxe5 g5 15.
Qh3 Kb8 16. exf6 Nxf6 17. Bxg5 Nf7 18. Bxf6 Bxf6 19. Bh5 1-0

[Event "XI GRAN TORNEO INTERNACIONAL AFICIONADOS"]
[Site "Benidorm (Alicante - SPAIN)"]
[Date "2012.11.30"]
[Round "1"]
[White "Cemborain Oricain, Alfonso"]
[Black "Sos Andreu, Eric"]
[Result "1/2-1/2"]
[WhiteElo "1944"]
[BlackElo "2144"]
[PlyCount "67"]
[EventDate "2012.11.30"]
[EventRounds "10"]
[EventCountry "ESP"]

1. e4 c5 2. c3 Nf6 3. e5 Nd5 4. d4 cxd4 5. Nf3 Nc6 6. cxd4 d6 7. Bc4 Nb6 8. Bb5
dxe5 9. Nxe5 Bd7 10. Nc3 e6 11. O-O Be7 12. Qf3 O-O 13. Rd1 Rc8 14. Bf4 a6 15.
Bd3 f5 16. d5 Nxe5 17. Bxe5 exd5 18. Nxd5 Nxd5 19. Qxd5+ Kh8 20. Qd4 Bf6 21.
Bxf6 gxf6 22. Bxa6 bxa6 23. Qxd7 Qb6 24. Qxf5 Qxb2 25. h3 Qe5 26. Qd3 Rg8 27.
Qd5 Rc2 28. Qxe5 fxe5 29. Rac1 Rxa2 30. Rc7 Ra4 31. Rdd7 Rh4 32. Ra7 Rxh3 33.
Rxa6 Rh5 34. Re6 1/2-1/2

[Event "XI GRAN TORNEO INTERNACIONAL AFICIONADOS"]
[Site "Benidorm (Alicante - SPAIN)"]
[Date "2012.11.30"]
[Round "1"]
[White "Garcia Ramos, Marcos"]
[Black "Machlik, Jon"]
[Result "1-0"]
[WhiteElo "2138"]
[BlackElo "1793"]
[PlyCount "47"]
[EventDate "2012.11.30"]
[EventRounds "10"]
[EventCountry "ESP"]

1. e4 e5 2. Nf3 Nc6 3. d4 exd4 4. Nxd4 Bc5 5. Be3 Qf6 6. c3 Nge7 7. Bc4 O-O 8.
O-O Ne5 9. Be2 d5 10. f4 N5g6 11. e5 Qb6 12. b4 Bxd4 13. Bxd4 Qe6 14. g4 Qc6
15. f5 Nh4 16. Bd3 g5 17. Nd2 Qh6 18. b5 b6 19. Nf3 Kh8 20. Qe1 Rg8 21. Nxh4
gxh4 22. h3 Bb7 23. Be3 Qf8 24. Qxh4 1-0

[Event "XI GRAN TORNEO INTERNACIONAL AFICIONADOS"]
[Site "Benidorm (Alicante - SPAIN)"]
[Date "2012.12.01"]
[Round "2"]
[White "Alberto, Manuel"]
[Black "Parligras, Cosmin"]
[Result "0-1"]
[WhiteElo "2176"]
[BlackElo "2298"]
[PlyCount "140"]
[EventDate "2012.11.30"]
[EventRounds "10"]
[EventCountry "ESP"]

1. e4 c5 2. Nf3 Nf6 3. Nc3 Nc6 4. d4 d5 5. exd5 Nxd5 6. dxc5 Nxc3 7. Qxd8+ Kxd8
8. bxc3 f6 9. Be3 e5 10. Rb1 Kc7 11. Nd2 Be7 12. Bd3 Nd8 13. f4 Ne6 14. fxe5
fxe5 15. Ne4 Rf8 16. Nd6 Nxc5 17. Bxc5 Bxd6 18. Bxd6+ Kxd6 19. Bxh7 b6 20. Be4
Rb8 21. Ke2 Be6 22. Rhd1+ Ke7 23. Bd5 Bg4+ 24. Bf3 Bxf3+ 25. gxf3 Rh8 26. Rd5
Rxh2+ 27. Kd3 Ke6 28. Rbb5 Rh5 29. Ke4 Rc8 30. Rxe5+ Rxe5+ 31. Rxe5+ Kf6 32.
Rd5 Rxc3 33. Rd2 Ra3 34. c4 Rc3 35. Rd4 Rc2 36. a4 Ra2 37. c5 bxc5 38. Rc4 Ke6
39. Rxc5 Rxa4+ 40. Ke3 Ra1 41. Rc7 Kf6 42. Rc6+ Kf7 43. Rc7+ Kg8 44. Kf2 a5 45.
Kg2 a4 46. Ra7 a3 47. Kh2 Kh7 48. Kg2 Kg6 49. Ra5 Kf6 50. Kh2 Ke6 51. Kg2 Kd6
52. Ra7 Kc5 53. Rxg7 Kb4 54. Rb7+ Kc3 55. Rc7+ Kb2 56. Rb7+ Ka2 57. f4 Rb1 58.
Ra7 Rb3 59. f5 Kb1 60. f6 a2 61. f7 Rb8 62. Rb7+ Rxb7 63. f8=Q Rb2+ 64. Kg3
Rb3+ 65. Kg2 a1=Q 66. Qf1+ Ka2 67. Qa6+ Ra3 68. Qc4+ Kb2 69. Qb4+ Kc2 70. Qe4+
Rd3 0-1

[Event "XI GRAN TORNEO INTERNACIONAL AFICIONADOS"]
[Site "Benidorm (Alicante - SPAIN)"]
[Date "2012.12.01"]
[Round "2"]
[White "Remolar Gallen, Jose"]
[Black "Tejedor Fuentes, Enrique"]
[Result "0-1"]
[WhiteElo "2172"]
[BlackElo "2297"]
[PlyCount "120"]
[EventDate "2012.11.30"]
[EventRounds "10"]
[EventCountry "ESP"]

1. e4 c5 2. c3 e6 3. d4 d5 4. exd5 Qxd5 5. Nf3 Nf6 6. Be2 cxd4 7. cxd4 Bb4+ 8.
Nc3 Qa5 9. Bd2 Nc6 10. O-O O-O 11. a3 Be7 12. b4 Qd8 13. Be3 b6 14. Qa4 Bb7 15.
Rfd1 Nd5 16. Rac1 Rc8 17. Bb5 Ncxb4 18. Nxd5 Nxd5 19. Qxa7 Rxc1 20. Rxc1 Nxe3
21. Qxb7 Nf5 22. a4 Bf6 23. Rc7 Nxd4 24. Rd7 Nxf3+ 25. Qxf3 Qc8 26. g3 Qc1+ 27.
Kg2 h6 28. h4 Qc5 29. Qe4 h5 30. Bd3 g6 31. Bb5 Bc3 32. Rb7 Be1 33. Qf3 Kg7 34.
Kf1 Bc3 35. Be8 Bf6 36. Bd7 Qd6 37. Qe4 Be7 38. Bb5 Rd8 39. Kg2 Bf6 40. Bc4 Re8
41. Bb5 Rd8 42. Bc4 Be7 43. Bb5 Qc5 44. Ra7 Rd5 45. Be2 Re5 46. Qd3 Rf5 47. Bf3
Bd6 48. Qb3 Rf6 49. Rb7 Qd4 50. Rd7 Qc5 51. Rb7 Qd4 52. Rd7 e5 53. Qc2 Rxf3 54.
Rxd6 Rxg3+ 55. fxg3 Qxd6 56. Qb3 Qd4 57. Qb5 e4 58. Qe8 e3 59. Kf3 Qg4+ 60. Kg2
Qe6 0-1

[Event "XI GRAN TORNEO INTERNACIONAL AFICIONADOS"]
[Site "Benidorm (Alicante - SPAIN)"]
[Date "2012.12.01"]
[Round "2"]
[White "Martin Rueda, Daniel"]
[Black "Arias Igual, Alejandro"]
[Result "1/2-1/2"]
[WhiteElo "2290"]
[BlackElo "2168"]
[PlyCount "57"]
[EventDate "2012.11.30"]
[EventRounds "10"]
[EventCountry "ESP"]

1. e4 c5 2. Nf3 Nc6 3. Nc3 e5 4. Bc4 Be7 5. d3 d6 6. h3 Nf6 7. Nd2 Be6 8. Nf1
d5 9. exd5 Nxd5 10. Ne3 Nxc3 11. bxc3 Bxc4 12. Nxc4 Qd5 13. O-O O-O 14. Re1
Rad8 15. Qe2 Bd6 16. Rb1 Rd7 17. Qe4 Qxe4 18. dxe4 Be7 19. Be3 f6 20. a4 b6 21.
Kf1 Rc8 22. Bc1 Kf7 23. Ke2 Ke6 24. Rb5 g6 25. Rd1 Rxd1 26. Kxd1 Bd8 27. Rb1
Bc7 28. f3 f5 29. Ke2 1/2-1/2